000 00521nam a2200193Ia 4500
005 20260429111919.0
008 260429s9999||||xx |||||||||||||| ||und||
020 _a9788182909472
041 _aEnglish
082 _a780.954
_bLAL
100 _aRamakrishna, Lalita
245 0 _aHindu system of music and its instruments /
_cLalita Ramakrishna
250 _a1st ed.
260 _aHaryana :
_bShubhi Publications,
_c2024.
300 _a147 p.; hb
650 _a Instruments
650 _aIndian music
942 _cTB
999 _c51406
_d51406